000 02215nam a22002537a 4500
003 NALT
005 20260119111124.0
008 260119b th ||||| |||| 00| 0 tha d
020 _a9786163813862
040 _aNALT
100 0 _aบุญร่วม เทียมจันทร์.
_913028
245 1 0 _aประมวลกฎหมายอาญา และประมวลกฎหมายวิธีพิจารณาความอาญาพร้อมหัวข้อเรื่องทุกมาตรา ฉบับสมบูรณ์ (ใหม่ล่าสุด อัพเดตครบถ้วนตาม พ.ร.บ. แก้ไขเพิ่มเติมล่าสุด) /
_cรวบรวมโดย บุญร่วม เทียมจันทร์, ศรัญญา วิชชาธรรม.
_h[electronic resource]
260 _aกรุงเทพฯ :
_bอินส์พัล,
_cม.ป.ป.
300 _aOnline resource
520 _aรวบรวมประมวลกฎหมายอาญาและประมวลกฎหมายวิธีพิจารณาความอาญา ไว้ในเล่มเดียว เนื้อหาเรียบเรียงเป็นหมวดหมู่ชัดเจน เข้าใจง่าย พิเศษ! มีสรุปหัวข้อเรื่องในส่วนประมวลกฎหมายอาญาและประมวลกฎหมายวิธีพิจารณาความอาญาไว้ทุกมาตรา เพื่อสะดวกในการอ่าน ศึกษา และค้นคว้า.
650 4 _aวิธีพิจารณาความอาญา
_91089
650 4 _aกฎหมายอาญา
_zไทย
_929813
650 4 _aวิธีพิจารณาความอาญา
_zไทย
_943807
700 0 _aศรัญญา วิชชาธรรม.
_932309
850 _aNALT
856 4 0 _uhttps://ebook.parliament.go.th/ebookall/detail/438318
_zE-Book
942 _cEBK
996 _ajamriang.p
_bCATSTF
_c2026-01-19
999 _c107684
_d107684
998 _j1020
_k นางจำเรียง ระวังสำโรง